Về một chỗ nào

Saved in:
Bibliographic Details
Main Author: Ngọc Linh (1935- )
Format: Book
Language:Undetermined
Published: Tp. HCM Văn nghệ 1995
Subjects:
Tags: Add Tag
No Tags, Be the first to tag this record!
Institutions: Trung tâm Học liệu Trường Đại học Cần Thơ
LEADER 00531nam a2200193Ia 4500
001 CTU_16570
008 210402s9999 xx 000 0 und d
020 |b 20000đ 
082 |a 895.922334 
082 |b Ng419 
100 |a Ngọc Linh (1935- ) 
245 0 |a Về một chỗ nào 
245 0 |c Ngọc Linh (1935- ) 
260 |a Tp. HCM 
260 |b Văn nghệ 
260 |c 1995 
650 |a vietnamese fiction - 20th century 
904 |i Minh, 970604 
980 |a Trung tâm Học liệu Trường Đại học Cần Thơ